Revitalizing collegiality : restoring faculty authority in universities /

The ebook edition of this title is Open Access and freely available to read online. The higher education and research system faces a constant dilemma. On the one hand, research and higher education are run by autonomous, interrelated academic communities, often described as collegial governance. On...

Full description

Bibliographic Details
Corporate Author: Emerald Group Publishing
Other Authors: Sahlin, Kerstin (Editor), Eriksson-Zetterquist, Ulla (Editor)
Format: eBook
Language:English
Published: Bingley, U.K. : Emerald Publishing Limited, 2023.
Edition:1st ed.
Series:Research in the sociology of organizations ; v. 87.
Subjects:
Online Access:Connect to the full text of this electronic book

MARC

Tag First Indicator Second Indicator Subfields
LEADER 00000cam a2200000 i 4500
001 in00005684921
005 20260212171941.8
006 m o d
007 cr |||||||||||
008 231128t20232024enk ob 001 0 eng d
040 |a SFB  |b eng  |e rda  |c SFB  |d OCLCO  |d OCLCQ  |d OCLCL  |d EMGRP 
020 |a 9781804558188 
020 |a 1804558184 
035 |a (OCoLC)1438993993 
050 4 |a LB2331.7  |b .R48 2023 
072 7 |a EDU001010  |2 bisacsh 
072 7 |a JNKH  |2 bicssc 
080 |a 378 
082 0 4 |a 378.12  |2 23 
049 |a TXAM 
245 0 0 |a Revitalizing collegiality :  |b restoring faculty authority in universities /  |c edited by Kerstin Sahlin (Uppsala University, Sweden), Ulla Eriksson-Zetterquist (University of Gothenburg, Sweden). 
250 |a 1st ed. 
264 1 |a Bingley, U.K. :  |b Emerald Publishing Limited,  |c 2023. 
264 4 |c ©2024 
300 |a 1 online resource (276 pages). 
336 |a text  |b txt  |2 rdacontent 
337 |a computer  |b c  |2 rdamedia 
338 |a online resource  |b cr  |2 rdacarrier 
490 1 |a Research in the sociology of organizations ;  |v v. 87 
588 0 |a Print version record. 
520 |a The ebook edition of this title is Open Access and freely available to read online. The higher education and research system faces a constant dilemma. On the one hand, research and higher education are run by autonomous, interrelated academic communities, often described as collegial governance. On the other hand, they are an instrument for the fulfillment of goals that are often external to the academic community. What, then, is the role of academics and academic knowledge in governance of higher education and research, and how does this reflect on and impact their aims and overall place in society? Fostered through joint workshops and an open dialogue, this double volume of Research in the Sociology of Organizations develops a deeper understanding of collegiality, examining through a unique comparative perspective how it is translated and practiced in different settings across the world. Considering ways in which collegiality can be revitalized, this second installment argues for reintroducing collegiality both in analyzing the development of higher education systems and research and in the actual governing of universities. Revealing the globalization, homogenization and variation that have come to characterize the collegiate system, Revitalizing Collegiality critically considers the state of and future of the higher education system, and how we can consciously shape it moving forward. 
500 |a Includes index. 
504 |a Includes bibliographical references. 
505 0 |a Introduction: Revitalizing collegiality: restoring faculty authority in universities / Ulla Eriksson-Zetterquist and Kerstin Sahlin -- Section 1. Maintaining collegiality -- Chapter 1. How to remain collegial when pressure for change is high? / Audrey Harroche and Christine Musselin -- Chapter 2. Sustaining a collegiate environment: colleagueship, community and choice at an anonymous business school / Jakov Jandric, Rick Delbridge, and Paolo Quattrone -- Section 2. Revitalizing collegiality -- Chapter 3. An unsettling crisis of collegial governance: reality breakdowns as antecedents of institutional awareness / Logan Crace, Joel Gehman, and Michael Lounsbury -- Chapter 4. Who's a colleague? Professionalizing academic leadership as a platform for redefining collegiality / Ravit Mizrahi-Shtelman and Gili S. Drori -- Chapter 5. Manifestations of collegiality within universities: delocalisation and structural hybridity as governance forms and practices / Jean-Louis Denis, Nancy Côté, and Maggie Hébert -- Chapter 6. Collegiality washing? New translations of collegial practices / Kerstin Sahlin and Ulla Eriksson-Zetterquist -- "Outroduction": a research agenda on collegiality in university settings / Nico Cloete, Nancy Côté, Logan Crace, Rick Delbridge, Jean-Louis Denis, Gili S. Drori, Ulla Eriksson-Zetterquist, Joel Gehman, Lisa-Maria Gerhardt, Jan Goldenstein, Audrey Harroche, Jakov Jandric, Anna Kosmützky, Georg Krücken, Seungah S. Lee, Michael Lounsbury, Ravit Mizrahi-Shtelman, Christine Musselin, Hampus Östh Gustafsson, Pedro Pineda, Paolo Quattrone, Francisco O. Ramirez, Kerstin Sahlin, Francois van Schalkwyk, and Peter Walgenbach. 
650 0 |a Universities and colleges  |x Faculty. 
650 0 |a Authority  |x Study and teaching (Higher) 
650 6 |a Universités  |x Corps enseignant. 
650 7 |a Teaching staff.  |2 bicssc 
650 7 |a Education  |x Administration / Facility Management.  |2 bisacsh 
655 7 |a Electronic books.  |2 local 
700 1 |a Sahlin, Kerstin,  |e editor. 
700 1 |a Eriksson-Zetterquist, Ulla,  |e editor. 
710 2 |a Emerald Group Publishing. 
776 0 8 |z 9781804558218 
776 0 8 |z 1804558214 
830 0 |a Research in the sociology of organizations ;  |v v. 87. 
856 4 0 |u https://www.emerald.com/books/book/13730/Revitalizing-Collegiality-Restoring-Faculty  |z Connect to the full text of this electronic book  |t 0 
936 |a BATCHLOAD 
955 |a Emerald Open Access ebooks 
994 |a 92  |b TXA 
999 f f |i ede877ba-14b6-4080-a4c7-bf59b326c257  |s 60abc567-63cd-4fa3-85e8-599a3fb2fe2a  |t 0 
952 f f |a Texas A&M University  |b College Station  |c Electronic Resources  |s www_evans  |d Available Online  |t 0  |e LB2331.7 .R48 2023  |h Library of Congress classification 
998 f f |a LB2331.7 .R48 2023  |t 0  |l Available Online